[Event "Vilnius op-A"]
[Site "Vilnius"]
[Date "2025.07.13"]
[Round "9"]
[White "Meskauskas, Pijus"]
[Black "Cibulskyte, Smilte"]
[Result "0-1"]
[WhiteElo "1573"]
[BlackElo "1780"]
[PlyCount "74"]
[EventDate "2025.07.07"]
[EventType "swiss"]
[EventRounds "9"]
[EventCountry "LTU"]
[SourceTitle "CB29_2025"]
[SourceDate "2025.07.16"]
[SourceVersion "1"]
[SourceVersionDate "2025.07.16"]
[SourceQuality "1"]

1. e4 e5 2. Nc3 Nc6 3. Bc4 Nf6 4. d3 Na5 5. Bb3 Nxb3 6. axb3 Be7 7. f4 d6 8. Nf3 Bg4 9. h3 Bxf3 10. Qxf3 Nd7 11. Nd5 c6 12. Nxe7 Qxe7 13. Be3 a6 14. f5 0-0-0 15. 0-0 Rdf8 16. b4 g5 17. f6 Qd8 18. Bxg5 h6 19. Bh4 Rfg8 20. c4 Qb6+ 21. Bf2 Qxb4 22. Kh1 Rg6 23. Bh4 Rhg8 24. Rf2 Nf8 25. d4 exd4 26. Qf5+ Nd7 27. Rd1 Qxc4 28. Rdd2 Qc5 29. Rc2 Qe5 30. b4 Re8 31. Rf4 d3 32. Rd2 Qa1+ 33. Kh2 Qc3 34. Rff2 Qxb4 35. Rxd3 Qxe4 36. Qxe4 Rxe4 37. g4 Re6 0-1

[Event "Vilnius op-A"]
[Site "Vilnius"]
[Date "2025.07.08"]
[Round "2"]
[White "Zurba, Jonas"]
[Black "Meskauskas, Pijus"]
[Result "1/2-1/2"]
[WhiteElo "1750"]
[BlackElo "1573"]
[PlyCount "104"]
[EventDate "2025.07.07"]
[EventType "swiss"]
[EventRounds "9"]
[EventCountry "LTU"]
[SourceTitle "CB29_2025"]
[SourceDate "2025.07.16"]
[SourceVersion "1"]
[SourceVersionDate "2025.07.16"]
[SourceQuality "1"]

1. e4 c6 2. d4 d5 3. f3 e6 4. c4 dxe4 5. Nc3 Nf6 6. Bg5 exf3 7. Nxf3 Bb4 8. Bd3 0-0 9. 0-0 Nbd7 10. Ne4 Be7 11. Ng3 b6 12. Qc2 h6 13. Bd2 Re8 14. Bc3 Bb7 15. Rad1 Qc7 16. Ne5 Nxe5 17. dxe5 Bc5+ 18. Kh1 Ng4 19. Qe2 Ne3 20. Nh5 Nxd1 21. Qg4 Bf8 22. Nf6+ Kh8 23. Nxe8 Rxe8 24. Rxd1 c5 25. Be2 Rd8 26. Rxd8 Qxd8 27. Qf4 Qg5 28. Qxg5 hxg5 29. Kg1 Kh7 30. Bd3+ g6 31. g4 Be7 32. Kf2 Kg7 33. b3 a6 34. a3 Kf8 35. a4 Ke8 36. Ke3 Kd7 37. Bc2 Kc7 38. Bd3 Bc6 39. Bd2 Kb7 40. Bc3 Ka7 41. Be4 Bxe4 42. Kxe4 Kb7 43. Bb2 Kc6 44. Bc3 b5 45. axb5+ axb5 46. cxb5+ Kxb5 47. Bd2 c4 48. bxc4+ Kxc4 49. Ba5 f5+ 50. exf6 Bxf6 51. h3 Kc5 52. Bc7 Kc6 1/2-1/2